Werther / (Record no. 72757)

MARC details
000 -LEADER
campo de control de longitud fija 00699nam a2200217 i 4500
001 - NÚMERO DE CONTROL
campo de control 72757
003 - IDENTIFICADOR DE NÚMERO DE CONTROL
campo de control ES-MaACL
005 - FECHA Y HORA DE LA ÚLTIMA TRANSACCIÓN
campo de control 20260316180542.0
007 - CAMPO FIJO DE DESCRIPCIÓN FÍSICA--INFORMACIÓN GENERAL
campo de control de longitud fija t|
008 - DATOS DE LONGITUD FIJA--INFORMACIÓN GENERAL
campo de control de longitud fija 040902s1969 sp |||| | spa d
080 ## - NÚMERO DE LA CLASIFICACIÓN DECIMAL UNIVERSAL
Número de la Clasificación Decimal Universal 821.112.2-3"17"
100 1# - ENTRADA PRINCIPAL--NOMBRE DE PERSONA
Nombre de persona Goethe, Johann Wolfgang von,
Fechas asociadas al nombre 1749-1832
9 (RLIN) 57568
245 10 - MENCIÓN DEL TÍTULO
Título Werther /
Mención de responsabilidad, etc. Goethe
Resto del título . Cuentos / de Amadeo Hoffmann.
246 35 - FORMA VARIANTE DEL TITULO
Título propio/Titulo breve Cuentos de Amadeo Hoffmann
260 ## - PUBLICACIÓN, DISTRIBUCIÓN, ETC.
Lugar de publicación, distribución, etc. Madrid :
Nombre del editor, distribuidor, etc. J. Pérez del Hoyo,
Fecha de publicación, distribución, etc. [1969]
300 ## - DESCRIPCIÓN FÍSICA
Extensión 171 p. ;
Dimensiones 19 cm.
505 8# - NOTA DE CONTENIDO CON FORMATO
Nota de contenido con formato Contiene: ;
Título El caballero Gluck ;
-- El consejero Krespel
700 1# - ENTRADA AGREGADA--NOMBRE PERSONAL
Nombre de persona Hoffmann, Ernst T. A.
Fechas asociadas al nombre 1776-1822
9 (RLIN) 242917
852 ## - LOCALIZACIÓN
Ubicación ES-MaACL
Número de control de estantería C-50829
Holdings
Estatus retirado Estado de pérdida Estado de daño No para préstamo Biblioteca de origen Biblioteca actual Ubicación en estantería Fecha de adquisición Fuente de adquisición Total de préstamos Signatura topográfica completa Código de barras Visto por última vez Precio de reemplazo Tipo de ítem Koha
        Biblioteca del Ateneo de Madrid Biblioteca del Ateneo de Madrid Depósito 2 17/01/2008     C-50829 1076163 23/02/2023 23/02/2023 Libro impreso